书目信息 |
| 题名: |
弘仁
|
|
| 作者: | 陈传席 著 | |
| 分册: | ||
| 出版信息: | 石家庄 河北教育出版社 2004 |
|
| 页数: | 234页 | |
| 开本: | 21cm | |
| 丛书名: | 中国名画家全集 | |
| 单 册: | ||
| 中图分类: | J203 | |
| 科图分类: | ||
| 主题词: | 中国画--山水画--艺术评论--中国--清前期 , 画家--人物研究--中国--清前期 , 画家--艺术实践 | |
| 电子资源: | ||
| ISBN: | 7-5434-4873-4 | |
| 000 | 01100oam2 2200313 45 | |
| 001 | 080000011358 | |
| 005 | 20060104085422.34 | |
| 010 | @a7-5434-4873-4@dCNY58.00 | |
| 100 | @a20050623d2004 ekmy0chiy0120 ea | |
| 101 | 0 | @achi |
| 102 | @aCN@b130000 | |
| 105 | @aa z 000yd | |
| 200 | 1 | @a弘仁@9hong ren@f陈传席著@Fchen chuan xi zhu |
| 210 | @a石家庄@c河北教育出版社@d2004 | |
| 215 | @a234页@c照片,图@d21cm | |
| 225 | 2 | @a中国名画家全集@i古代部分@f陈传席,张志欣主编 |
| 330 | @a本书主要包括六部分内容,介绍了弘仁生平概述、思想和心态、艺术历程、论艺摘选、各家评论摘录和年表简编等。 | |
| 410 | 0 | @12001 @a中国名画家全集 |
| 410 | 0 | @12001 @a古代部分@1701 0@a陈传席@Achen chuan xi@4主编@1701 0@a张志欣@Azhang zhi xin@4主编 |
| 600 | 0 | @a弘仁@f1610~1664@x人物研究 |
| 600 | 0 | @a弘仁@f1610~1664@x绘画@x艺术评论 |
| 606 | 0 | @a中国画@x山水画@x艺术评论@y中国@z清前期 |
| 606 | 0 | @a画家@x人物研究@y中国@z清前期 |
| 606 | 0 | @a画家@x艺术实践 |
| 690 | @aJ203@v4 | |
| 701 | 0 | @a陈传席@Achen chuan xi@4著 |
| 801 | 0 | @aCN@bCXYBOOK@c20060104 |
| 905 | @a10447@dJ203@e280 | |
| 999 | @aHSJ@eGLX | |
| 弘仁/陈传席著.-石家庄:河北教育出版社,2004 |
| 234页:照片,图;21cm.-(中国名画家全集.古代部分/陈传席,张志欣主编) |
| ISBN 7-5434-4873-4:CNY58.00 |
| 本书主要包括六部分内容,介绍了弘仁生平概述、思想和心态、艺术历程、论艺摘选、各家评论摘录和年表简编等。 |
| ● |
| 相关链接 |
|
|
|
|
正题名:弘仁
索取号:J203/280
 
预约/预借
| 序号 | 登录号 | 条形码 | 馆藏地/架位号 | 状态 | 备注 |
| 1 | 0369446 | 203694467 | 第一样本阅览室/ [索取号:J203/280] | 在馆 | |
| 2 | 0372222 | 203722221 | 第一借阅区/ [索取号:J203/280] | 在馆 | |
| 3 | 0373461 | 203734619 | 第一借阅区/ [索取号:J203/280] | 在馆 |